• 首页
  • 本馆介绍
  • 公告通知
  • 最新文献
  • 馆藏检索
  • 电子资源
  • 读者导购
  • 参考咨询
  • 我的图书馆
  • 登录
  • 详细信息显示
  • 放入我的书架
  • 预约/预借图书
  • 作者相关作品
  • 分类相关作品
  • 丛书相关作品
  • 出版社相关作品

书目信息

  • 表格格式
  • 工作单格式
  • 卡片格式
题名:
唐代的外来文明
    
 
作者: 谢弗 著 ;吴玉贵 译
分册:  
出版信息: 北京   中国社会科学出版社  1995.08
页数: 727页
开本: 32开
丛书名:
单 册:
中图分类: K242.03
科图分类:
主题词: 中国--历史
电子资源:
ISBN: 7-5004-1730-6
000 00599nam0 2200205 45
001 0203201438
005 20031219104053.7
010    @a7-5004-1730-6@dCNY20.00
100    @a20020320d1995 km y0chiy0120 ea
101 0  @achi@ceng
105    @a z 000yy
200 1  @a唐代的外来文明@ATang Dai De Wai Lai Wen Ming@f(美)谢弗著@F(Mei)Xie Fu Zhu@g吴玉贵译
210    @a北京@c中国社会科学出版社@d1995.08
215    @a727页@d32开
606 0  @a中国@x历史
690    @aK242.03@v4
701    @a谢弗@4著
702  0 @a吴玉贵@AWu Yu Gui@4译
801    @aCN@bTSTC@c20020320
905    @b306709-713@dK242.03@e14@f5
    
    唐代的外来文明/(美)谢弗著/吴玉贵译.-北京:中国社会科学出版社,1995.08
    727页;32开
    
    
    ISBN 7-5004-1730-6:CNY20.00
    
●
相关链接 在E读中查询图书 在五车中查询图书 在当当中查询图书 在豆瓣中查询图书


正题名:唐代的外来文明     索取号:K242.03/14         预约/预借

序号 登录号 条形码 馆藏地/架位号 状态 备注
1 0306709   203067091   第二借阅区/ [索取号:K242.03/14] 在馆    
2 0306710   203067108   第二借阅区/ [索取号:K242.03/14] 在馆    
3 0306711   203067117   第二借阅区/ [索取号:K242.03/14] 在馆    
4 0306712   203067126   第二借阅区/ [索取号:K242.03/14] 在馆    
5 0306713   203067135   第二样本阅览室/ [索取号:K242.03/14] 在馆    
唐山师范学院图书馆 欢迎您!
大连网信软件有限公司© 版权所有